<?xml version="1.0" encoding="UTF-8"?>
<record
    xmlns:xsi="http://www.w3.org/2001/XMLSchema-instance"
    xsi:schemaLocation="http://www.loc.gov/MARC21/slim http://www.loc.gov/standards/marcxml/schema/MARC21slim.xsd"
    xmlns="http://www.loc.gov/MARC21/slim">

  <leader>00389nam a22001577a 4500</leader>
  <controlfield tag="003">OSt</controlfield>
  <controlfield tag="005">20251024105039.0</controlfield>
  <controlfield tag="008">251024b        |||||||| |||| 00| 0 eng d</controlfield>
  <datafield tag="020" ind1=" " ind2=" ">
    <subfield code="a">9789372026658</subfield>
  </datafield>
  <datafield tag="040" ind1=" " ind2=" ">
    <subfield code="c">IIMT UNIVERSITY, MEERUT</subfield>
  </datafield>
  <datafield tag="100" ind1=" " ind2=" ">
    <subfield code="a">Maheshwari &amp; Mhaskar</subfield>
  </datafield>
  <datafield tag="245" ind1=" " ind2=" ">
    <subfield code="a">Essential Orthopaedics</subfield>
  </datafield>
  <datafield tag="260" ind1=" " ind2=" ">
    <subfield code="a">NEW DELHI</subfield>
    <subfield code="b">JAYPEE</subfield>
    <subfield code="c">2023</subfield>
  </datafield>
  <datafield tag="300" ind1=" " ind2=" ">
    <subfield code="a">418</subfield>
  </datafield>
  <datafield tag="942" ind1=" " ind2=" ">
    <subfield code="2">ddc</subfield>
    <subfield code="c">02</subfield>
    <subfield code="e">8'TH</subfield>
  </datafield>
  <datafield tag="999" ind1=" " ind2=" ">
    <subfield code="c">66665</subfield>
    <subfield code="d">66665</subfield>
  </datafield>
  <datafield tag="952" ind1=" " ind2=" ">
    <subfield code="0">0</subfield>
    <subfield code="1">0</subfield>
    <subfield code="2">ddc</subfield>
    <subfield code="4">0</subfield>
    <subfield code="7">0</subfield>
    <subfield code="a">01</subfield>
    <subfield code="b">01</subfield>
    <subfield code="d">2025-10-24</subfield>
    <subfield code="e">R.LALL BOOK DEPOT</subfield>
    <subfield code="i">GD/IN/310</subfield>
    <subfield code="l">1</subfield>
    <subfield code="p">01-B-145998</subfield>
    <subfield code="q">2026-08-15</subfield>
    <subfield code="r">2025-11-17</subfield>
    <subfield code="s">2025-11-17</subfield>
    <subfield code="u">medical science</subfield>
    <subfield code="w">2025-10-24</subfield>
    <subfield code="y">02</subfield>
  </datafield>
  <datafield tag="952" ind1=" " ind2=" ">
    <subfield code="0">0</subfield>
    <subfield code="1">0</subfield>
    <subfield code="2">ddc</subfield>
    <subfield code="4">0</subfield>
    <subfield code="7">0</subfield>
    <subfield code="a">01</subfield>
    <subfield code="b">01</subfield>
    <subfield code="d">2025-10-24</subfield>
    <subfield code="e">R.LALL BOOK DEPOT</subfield>
    <subfield code="i">GD/IN/310</subfield>
    <subfield code="l">1</subfield>
    <subfield code="p">01-B-145999</subfield>
    <subfield code="q">2026-08-15</subfield>
    <subfield code="r">2025-11-11</subfield>
    <subfield code="s">2025-11-11</subfield>
    <subfield code="u">medical science</subfield>
    <subfield code="w">2025-10-24</subfield>
    <subfield code="y">02</subfield>
  </datafield>
  <datafield tag="952" ind1=" " ind2=" ">
    <subfield code="0">0</subfield>
    <subfield code="1">0</subfield>
    <subfield code="2">ddc</subfield>
    <subfield code="4">0</subfield>
    <subfield code="7">0</subfield>
    <subfield code="a">01</subfield>
    <subfield code="b">01</subfield>
    <subfield code="d">2025-10-24</subfield>
    <subfield code="e">R.LALL BOOK DEPOT</subfield>
    <subfield code="i">GD/IN/310</subfield>
    <subfield code="l">1</subfield>
    <subfield code="p">01-B-146000</subfield>
    <subfield code="q">2026-08-15</subfield>
    <subfield code="r">2025-11-24</subfield>
    <subfield code="s">2025-11-24</subfield>
    <subfield code="u">medical science</subfield>
    <subfield code="w">2025-10-24</subfield>
    <subfield code="y">02</subfield>
  </datafield>
  <datafield tag="952" ind1=" " ind2=" ">
    <subfield code="0">0</subfield>
    <subfield code="1">0</subfield>
    <subfield code="2">ddc</subfield>
    <subfield code="4">0</subfield>
    <subfield code="7">0</subfield>
    <subfield code="a">01</subfield>
    <subfield code="b">01</subfield>
    <subfield code="d">2025-10-24</subfield>
    <subfield code="e">R.LALL BOOK DEPOT</subfield>
    <subfield code="i">GD/IN/310</subfield>
    <subfield code="p">01-B-146001</subfield>
    <subfield code="r">2025-10-24</subfield>
    <subfield code="u">medical science</subfield>
    <subfield code="w">2025-10-24</subfield>
    <subfield code="y">02</subfield>
  </datafield>
  <datafield tag="952" ind1=" " ind2=" ">
    <subfield code="0">0</subfield>
    <subfield code="1">0</subfield>
    <subfield code="2">ddc</subfield>
    <subfield code="4">0</subfield>
    <subfield code="7">0</subfield>
    <subfield code="a">01</subfield>
    <subfield code="b">01</subfield>
    <subfield code="d">2025-10-24</subfield>
    <subfield code="e">R.LALL BOOK DEPOT</subfield>
    <subfield code="i">GD/IN/310</subfield>
    <subfield code="l">1</subfield>
    <subfield code="p">01-B-146002</subfield>
    <subfield code="q">2026-08-15</subfield>
    <subfield code="r">2025-11-11</subfield>
    <subfield code="s">2025-11-11</subfield>
    <subfield code="u">medical science</subfield>
    <subfield code="w">2025-10-24</subfield>
    <subfield code="y">02</subfield>
  </datafield>
</record>
